000 00506nam a22001697a 4500
003 OSt
005 20151203153250.0
008 131026b xxu||||| |||| 00| 0 eng d
050 _aQC 501
_b.P578 2007
110 _aInternational Baccalaureate Organization
245 _aPhysics data booklet :
_bfirst examinations 2009
_cInternational Baccalaureate Organization
260 _aBuenos Aires:
_bIBO,
_cc2007.
300 _a16 pages. :
_c30 cm.
650 _aPhysics.
942 _2lcc
_cBK
999 _c13319
_d13319